000 00433nam a2200145Ia 4500
008 100122s9999 xx 000 0 und d
082 _b46753
_a823.08
100 _aबनहट्टी राजेंद्र
245 _aयुध्दपर्व
260 _bसन पब्लिकेशन
_c1992
300 _a211
630 _aयुध्दपर्व
730 _aयुध्दपर्व
942 _cBOOK
999 _c425802
_d425799